Normal view MARC view
  • Chalela, Adriana

Entry Nombre Personal

Number of records used in: 1

001 - NUMERO DE CONTROL

  • campo de control: 38816

003 - IDENTIFICADOR DE NUMERO DE CONTROL

  • campo de control: UPN

005 - FECHA Y HORA DE LA ÜLTIMA TRANSACCIÓN

  • campo de control: 20210219194539.0

008 - DATOS DE LONGITUD FIJA

  • campo de control de longitud fija: nabaccnnaabn|||||||||| b |nc|||||d

035 ## - NUMERO DE CONTROL

  • Número de control: UPN11000010923

040 ## - FUENTE DE CATALOGACIÓN

  • Lenguaje de catalogación: SPA
  • Agencia de transcripción: UPN

100 1# - ENCABEZAMIENTO - NOMBRE PERSONAL

  • Nombre personal: Chalela, Adriana

670 ## - FUENTE EN LA QUE SE LOCALIZARON DATOS

  • Cita de la fuente: T
  • Uniform Resource Identifier: http://www.oceano.mx/ficha-autor.aspx?id=439

680 ## - NOTA PUBLICA DE ACCESO PÚBLICO

  • Frase explicativa de la referencia: Nació en la ciudad de México. Estudió la carrera de Pedagogía y una maestría en Educación. Durante once años impartió clases y se dio cuenta de la importancia de los libros en la niñez, motivo por el cual estudió un Diplomado en Creación Literaria. Su gusto por los niños y los jóvenes la llevaron a escribir diversos artículos, historietas y cuentos, además de participar en la revista "A tu salud", donde creó dos secciones, una de ellas acerca de cómo elaborar productos caseros. Además participó en edmundo.com.mx, donde escribió alrededor de veinticinco textos para la serie Conecta2, un programa de multimedia dirigido a niños de quinto año de primaria. Actualmente estudia una maestría en Creación Literaria y está escribiendo un libro de cuentos.

902 ## - CATALOGADOR

  • Catalogador: MITM/300616